000 00483nam a2200181Ia 4500
001 9320
005 20260306161710.0
008 260306t2013||||xx |||||||||||||| ||spa||
041 _aESP
082 _a378.1
_bR75
100 _aRodríguez Espinar, Sebastián
_eAUT
245 0 _aLa evaluación de la calidad en la educación superior:
_bfundamentos y modelos
260 _c2013
300 _a265 páginas :
_c23 cm.
650 _aGEN
654 _aCED
942 _cLIB
_dJUS
_fJUS
_2ddc
_n
999 _c9320
_d9320